header

What is philosophy? (Record no. 63447)

MARC details
000 -LEADER
fixed length control field 01197nam a2200325 a 4500
082 04 - DEWEY DECIMAL CLASSIFICATION NUMBER
Classification number 100
100 1# - MAIN ENTRY--AUTHOR NAME
Personal name Sinclair, Alistair,
245 10 - TITLE STATEMENT
Title What is philosophy?
260 ## - PUBLICATION, DISTRIBUTION, ETC. (IMPRINT)
Place of publication Edinburgh :
Name of publisher Dunedin,
Year of publication c2008.
300 ## - PHYSICAL DESCRIPTION
Number of Pages vi, 153 p. :
Other physical details ill.
650 #0 - SUBJECT ADDED ENTRY--TOPICAL TERM
Topical Term Philosophy.
856 40 - ELECTRONIC LOCATION AND ACCESS
Uniform Resource Identifier http://site.ebrary.com/lib/rucke/Doc?id=10313159

No items available.

© 2026 Rongo University
Contact us: librarian | system librarian | Rongo university